Čečejovce urobili zberný dvor za vlastné

Podrobná bibliografia
Korporatívny autor: Tlačová agentúra Slovenskej republiky (Autor)
Médium: Článok
Jazyk:slovenčina
Fyzický popis:Fotografie
ISSN:2585-7355
Predmet:
On-line prístup:https://kosice.korzar.sme.sk/c/22475509/cecejovce-vybudovali-zberny-dvor-za-vlastne-dali-zan-46-000-eur.html

MARC

LEADER 00000nab a2200000u 4500
001 vtls011996793
003 SK-MaSNL
005 20260303095502.0
008 201008|20200828xo ||||||| || ||slo|
038 |a KEVKJB 
040 |a KEVKJB  |b slo  |e rda 
041 0 |a slo 
043 |a e-xo--- 
044 |a xo  |c SK 
072 7 |a 628  |x Sanitárna technika. Vodárenstvo. Odpadové hospodárstvo. Svetelná technika  |2 konspekt 
080 |a 628.472  |2 2011 
110 2 |a Tlačová agentúra Slovenskej republiky  |4 aut  |9 177619 
245 0 0 |a Čečejovce urobili zberný dvor za vlastné  |c [autor] (tasr) 
300 |b Fotografie 
336 |a text  |b txt  |2 rdacontent 
337 |a bez média  |b n  |2 rdamedia 
338 |a zväzok  |b nc  |2 rdacarrier 
650 0 7 |a zberné dvory  |2 kevkjb  |9 1088652 
650 0 7 |a skládky odpadu  |2 SNKPH  |9 16790 
651 7 |a Čečejovce (Slovensko)  |2 SNKPHgeo  |9 30655 
651 7 |a Košice-okolie (Slovensko : okres)  |2 SNKPHgeo  |9 146743 
773 0 |t Korzár  |g Roč. XXIII., č. 201 (2020), s. 11  |x 2585-7355 
852 |a KEVKJB  |b KIS3GCP 
856 4 1 |u https://kosice.korzar.sme.sk/c/22475509/cecejovce-vybudovali-zberny-dvor-za-vlastne-dali-zan-46-000-eur.html 
999 |c 1825218  |d 1827148